| 000 | 00789cam a2200205 4500 | ||
|---|---|---|---|
| 001 | ABS66221 | ||
| 008 | 021217n2002 000 0 eng u | ||
| 035 | _a(Sirsi) u120814 | ||
| 100 | _aPurcell, S | ||
| 245 | _aWhat's in store? | ||
| 260 | _c2002 | ||
| 490 |
_aSolicitors' Journal _v146(43) 15 November 2002, 1024-1025(2)) |
||
| 520 | _aSpeculates on the future of the property market over the coming year. Predictions include acceleration in rental growth, bouyant housing market, and property set for total return of around 10%. Concludes outlook for property in general is still positive. | ||
| 590 | _aABS | ||
| 650 | _aRENTAL GROWTH | ||
| 650 | _aRESIDENTIAL MARKET | ||
| 650 | _aRETURNS | ||
| 690 | _aPROPERTY-COMMERCIAL PROPERTY-COMMERCIAL PROPERTY MARKET | ||
| 942 | _n0 | ||
| 999 |
_c71794 _d71794 |
||